000 00414nam a2200169 i 4500
001 bg
100 1 _aPIŁAT, Barbara
245 0 _aTablice całek /
_cB. Piłat, M.J. Wasilewski.
260 _aWarszawa,
_c1983.
650 9 _aRachunek całkowy
655 _aTablice i wzory
700 1 _aWASILEWSKI, Mariusz J.
040 _cBPK
041 _apol
942 _cKS
008 s pl f |000 0 pol
999 _c22216
_d22216
856 _uhttp://koha.tu.koszalin.pl/cgi-bin/koha/opac-detail.pl?biblionumber=22216
_yKatalog online BPK